| 000 | 00463nam a22001817a 4500 | ||
|---|---|---|---|
| 003 | NUST - PNEC | ||
| 005 | 20170116181039.0 | ||
| 008 | 150921b xxu||||| |||| 00| 0 eng d | ||
| 020 | _a- | ||
| 040 | _cLIBRARY | ||
| 082 | _a510.782 STE | ||
| 100 |
_911513 _aStewart, C. A |
||
| 245 |
_aBasic analogue computer techniques, _cC. A Stewart, |
||
| 250 | _a2nd th | ||
| 260 | _cc1967. | ||
| 650 |
_911514 _aElectronic analog computers _xMIS .ME |
||
| 942 |
_2ddc _cBK |
||
| 999 |
_c68020 _d68020 |
||